How Many Barbie Songs Can You Name? - Statistics

General Stats
  • This quiz has been taken 15 times
  • The average score is 60 of 219
Answer Stats
Hint Answer % Correct
Barbie as the Princess and the Pauper Free
100%
Barbie and the Diamond Castle Two Voices, One Song
100%
Barbie and the Diamond Castle Connected
86%
Barbie as the Princess and the Pauper To Be A Princess
86%
To Be A Princess (Reprise)
86%
Barbie: The Princess and the Popstar To Be A Princess / To Be A Popstar
86%
Barbie and the Three Musketeers All For One
71%
Barbie: A Fairy Secret Can You Keep a Secret?
71%
Barbie: The Princess and the Popstar Here I Am (Keira Version)
71%
Barbie: The Princess and the Popstar Here I Am / Princesses Just Wanna Have Fun
71%
Barbie: The Princess and the Popstar Here I Am (Tori Version)
71%
Barbie: Princess Charm School On Top of the World
71%
Barbie and the Diamond Castle We're Gonna Find It
71%
Barbie: Princess Charm School You Can Tell She's a Princess
71%
Barbie and the Diamond Castle | Barbie: A Touch of Magic Believe
57%
Barbie as the Princess and the Pauper I Am A Girl Like You
57%
Barbie and the Secret Door If I Had Magic
57%
Barbie in the Pink Shoes Keep on Dancing
57%
Barbie: A Fashion Fairytale Life is a Fairytale
57%
Barbie in a Mermaid Tale 2 Do the Mermaid
43%
Barbie as the Island Princesses Here On My Island
43%
Barbie as the Princess and the Pauper How Can I Refuse?
43%
Barbie as the Princess and the Pauper How Can I Refuse? (Reprise)
43%
Barbie as the Island Princesses I Need to Know
43%
Barbie as the Island Princesses I Need to Know (Pop Version)
43%
My Scene: Masquerade Maddness Live
43%
Barbie: The Princess and the Popstar Look How High We Can Fly
43%
Barbie as the Pearl Princess Mermaid Party
43%
Barbie: A Perfect Christmas Perfect Christmas
43%
Barbie: The Princess and the Popstar Perfect Day
43%
Barbie in a Mermaid Tale Queen of the Waves
43%
Barbie in a Mermaid Tale Queen of the Waves (Eris Version)
43%
Barbie as the Island Princesses Right Here In My Arms
43%
Barbie as the Island Princesses Right Here In My Arms - Greenhouse
43%
Barbie as the Island Princesses Right Here In My Arms - Reunion
43%
12 Dancing Princesses Shine
43%
Barbie in a Mermaid Tale Summer Sunshine
43%
Barbie as the Princess and the Pauper The Cat's Meow
43%
Barbie and the Three Musketeers Unbelievable
43%
Barbie in a Mermaid Tale Walking on Sunshine
43%
Barbie as the Island Princesses A Brand New Shore
29%
Barbie: Spy Squad All We Got
29%
Barbie as the Island Princesses Always More
29%
Barbie: A Fashion Fairytale Another Me
29%
Barbie as the Island Princesses At the Ball
29%
Barbie: Mariposa and the Fairy Princess Be a Friend
29%
Barbie: Mermaid Power Beneath the Surface
29%
12 Dancing Princesses Birthday Song
29%
Barbie: Star Light Adventure Boring Ball Remix
29%
Barbie: Rock'n Royals Brand New Sound
29%
Barbie: Spy Squad Champions
29%
Barbie: Video Game Hero Change the Game
29%
Barbie as Rapunzel Constant as the Stars Above
29%
Barbie in a Christmas Carol | Barbie: A Perfect Christmas Deck the Halls
29%
12 Dancing Princesses Derek's Tune
29%
Barbie and the Diamond Castle Double Vision
29%
The Barbie Diaries Fate Finds a Way
29%
Barbie: Rock'n Royals Finale Mash Up
29%
Barbie: Mermaid Power Find Your Power
29%
Barbie: Rock'n Royals Find Yourself in the Song
29%
Barbie: Star Light Adventure Firefly
29%
Barbie: Mariposa and the Fairy Princess Fly High
29%
Barbie: A Fashion Fairytale Get Your Sparkle On
29%
The Barbie Diaries Girl Most Likely To
29%
Barbie: Rock'n Royals Gotta Get to Camp
29%
Barbie: Rock'n Royals Gotta Get to Camp (Reprise)
29%
Barbie and the Magic of Pegasus Hope Has Wings
29%
The Barbie Diaries I Don't Wanna Sleep
29%
Barbie as the Princess and the Pauper If You Love Me For Me
29%
Barbie as the Princess and the Pauper I'm On My Way
29%
Barbie: A Perfect Christmas It's Gonna Be Amazing
29%
Barbie: It Take Two It Takes Two
29%
Barbie and the Secret Door I've Got Magic
29%
Barbie and the Secret Door I Want It All
29%
Barbie: The Princess and the Popstar I Wish I Had Her Life
29%
Barbie in the Pink Shoes John Jacob Jingleheimer Schmidt
29%
Barbie in a Christmas Carol Joy to the World
29%
Barbie: Princess Adventure King of the Kingdom
29%
Barbie: Princess Adventure King of the Kingdom (Reprise)
29%
Barbie: Star Light Adventure Let Your Hair Down
29%
Barbie: Princess Adventure Life in Color
29%
Barbie as the Pearl Princess Light Up the World
29%
Barbie & Her Sisters in a Puppy Chase Live in the Moment
29%
Barbie as the Island Princesses Love is For Peasants
29%
Barbie and the Secret Door Magic Door
29%
Barbie and Chelsea: The Lost Birthday Make a New Day
29%
Barbie: Mermaid Power Make It Happen
29%
Barbie and the Three Musketeers | My Scene: Jammin' in Jamaica Making My Way
29%
Barbie: Video Game Hero Multiplayer
29%
Barbie: Princess Adventure (Not) A Picture Perfect Girl
29%
Barbie: Princess Adventure (Not) A Picture Perfect Girl (Reprise)
29%
The Barbie Diaries Note to Self
29%
Barbie: Mariposa and the Fairy Princess Only a Breath Away
29%
Barbie: Video Game Hero Power Up
29%
Barbie: Rock'n Royals Raise Our Voices
29%
The Barbie Diaries Real Life
29%
Barbie: Mermaid Power Rise Above It
29%
Barbie: A Fashion Fairytale Rockin' the Runway
29%
Barbie: Star Light Adventure Shooting Star
29%
Barbie: Star Light Adventure Shooting Star (Acoustic Reprise)
29%
Barbie in a Mermaid Tale Show Me Some Love
29%
Barbie: Spy Squad Silver Lining
29%
Barbie: Princess Power Soaring
29%
Barbie: Star Light Adventure So Beautiful
29%
Barbie: Star Light Adventure Starlian Song
29%
Barbie: Spy Squad Strength in Numbers
29%
Barbie: Princess Power Superhero Beat
29%
Barbie: Princess Power The Coolest Thing Ever
29%
Barbie: Princess Power The Coolest Thing Ever (Reprise)
29%
Barbie & Her Sisters in a Great Puppy Adventure The Greatest Day
29%
Barbie as the Island Princesses The Rat Song
29%
Barbie: A Perfect Christmas The Wish I Wish Tonight
29%
Barbie: Star Light Adventure This Feeling Is Everything
29%
The Barbie Diaries This Is Me
29%
Barbie: Princess Adventure This is My Moment
29%
Barbie: Dolphin Magic Treasure
29%
Barbie: Mermaid Power Turn It Up
29%
Barbie and the Secret Door Unicorn
29%
Barbie: Rock'n Royals Unlock Your Dreams
29%
Barbie: Princess Charm School We Rule This School
29%
Barbie and the Secret Door We've Got Magic
29%
Barbie in a Christmas Carol We Wish You a Merry Christmas
29%
Barbie: Rock'n Royals What If I Shine
29%
Barbie: Rock'n Royals What If I Shine (Remix)
29%
Barbie and the Secret Door What's Gonna Happen
29%
Barbie and the Secret Door What's Gonna Happen (Reprise)
29%
Barbie as the Island Princesses When We Have Love
29%
Barbie: Rock'n Royals When You're A Princess
29%
The Barbie Diaries Where You Belong
29%
Barbie: A Fashion Fairytale Who Let the Dogs Out
29%
Barbie of Swan Lake Wings
29%
Barbie as Rapunzel Wish Upon A Star
29%
Wonderful Me
29%
Barbie: A Perfect Christmas Wrap it Up, Stack it Up
29%
Barbie as the Princess and the Pauper Written In Your Heart
29%
Barbie as the Princess and the Pauper Written In Your Heart (Prologue)
29%
Barbie and the Secret Door You're Here
29%
Barbie & Her Sisters in a Pony Tale You're the One
29%
Barbie in the 12 Dancing Princesses 12 Dancing Princesses Theme
14%
Barbie in a Christmas Carol | Barbie: A Perfect Christmas A Barbie 12 Days of Christmas
14%
Barbie: It Take Two After Us
14%
Anything Is Possible
14%
Barbie: A Touch of Magic A Touch of Magic
14%
Barbie: Big City, Big Dreams Before Us
14%
Barbie: Big City, Big Dreams Big City, Big Dreams
14%
Barbie in a Christmas Carol | Barbie: A Perfect Christmas California Christmas
14%
My Scene: Masquerade Maddness Calling All Girlfriends
14%
Barbie: It Take Two Can't Stop Us
14%
Barbie: Video Game Hero Chiwawa
14%
Barbie: A Perfect Christmas Christmas Wrapping
14%
My Scene Goes Hollywood Dance 'Til Dawn
14%
Barbie: Dreamhouse Adventures Dreamhouse Adventures
14%
Barbie: Life in the Dreamhouse Everybody Needs a Ken
14%
Barbie: It Take Two Feelings
14%
My Scene Goes Hollywood Feel Like LA
14%
The Barbie Diaries Feels Like Love
14%
Barbie: It Take Two Find My Way Home
14%
My Scene Goes Hollywood Find the Fun
14%
Barbie: Epic Road Trip Flip the Script
14%
Barbie: Video Game Hero Get Up and Move
14%
My Scene: Jammin' in Jamaica Going Down in Flames
14%
Barbie: Big City, Big Dreams Good Vibes
14%
Barbie: Video Game Hero Invincible
14%
The Barbie Diaries Invisible
14%
Barbie in a Christmas Carol Jolly Old Saint Nicholas
14%
Barbie: Life in the Dreamhouse Life in the Dreamhouse
14%
My Scene: Jammin' in Jamaica Living in the Sunshine
14%
My Scene Goes Hollywood Lucky
14%
Barbie: It Take Two More
14%
Barbie in a Christmas Carol O Christmas Tree
14%
Barbie and Chelsea: The Lost Birthday Patience
14%
My Scene Goes Hollywood Playground
14%
Barbie: Big City, Big Dreams Playground of Our Dreams
14%
Barbie: The Princess and the Popstar Princesses Just Wanna Have Fun
14%
Barbie: The Princess and the Popstar Princess & Popstar Finale Medley
14%
My Scene: Jammin' in Jamaica Radiowave
14%
Barbie as Rapunzel Rapunzel Theme
14%
Barbie and the Secret Door Return to the Castle
14%
Barbie: A Fashion Fairytale Runway Montage
14%
12 Dancing Princesses Sacerdotes Domini
14%
Barbie: Big City, Big Dreams See You At the Finish Line
14%
Barbie in a Christmas Carol Silent Night! Holy Night!
14%
Barbie: A Perfect Christmas Snow Angels
14%
Barbie: Princess Adventure Somewhere New
14%
My Scene: Jammin' in Jamaica Spontaneous Combustion
14%
My Scene Goes Hollywood Starlight
14%
Barbie: It Take Two Step By Step
14%
Barbie: Princess Adventure Try It On
14%
Barbie: A Fashion Fairytale Une Bonne Journee
14%
Barbie: Big City, Big Dreams Work It
14%
Barbie: A Fashion Fairytale Zombie Peas
14%
Barbie and Stacie to the Rescue Better Together
0%
Barbie: A Touch of Magic Center Stage
0%
Barbie & Teresa: Recipe for Friendship Family of the Heart
0%
Barbie and Stacie to the Rescue Feels Like Flying
0%
Barbie & Teresa: Recipe for Friendship Follow Your Heart
0%
Barbie & Teresa: Recipe for Friendship Friendship Goes the Distance
0%
Barbie: A Touch of Magic Got the Magic Touch
0%
Barbie in a Christmas Carol Hark! The Herald Angels Sing
0%
Barbie: A Perfect Christmas Holiday
0%
Barbie and Chelsea: The Lost Birthday I Am Brave
0%
Barbie in a Christmas Carol I Love This Christmas
0%
Barbie and Stacie to the Rescue In Between
0%
Barbie & Teresa: Recipe for Friendship Inspiration is Everywhere
0%
Barbie: Skipper and the Big Babysitting Adventure It's a Party Now
0%
Barbie in a Christmas Carol Jingle Bells
0%
Barbie: A Touch of Magic Just the Beginning
0%
Barbie and Chelsea: The Lost Birthday Keep On Looking
0%
Barbie: Skipper and the Big Babysitting Adventure My Friends
0%
Barbie and Chelsea: The Lost Birthday Roll With It
0%
Barbie: A Perfect Christmas The Greatest Time of Year
0%
Barbie and Stacie to the Rescue Trailblazing
0%
Barbie & Teresa: Recipe for Friendship What Are Friends For
0%
Barbie and Stacie to the Rescue You're Amazing
0%
No matching quizzes found
Score Distribution
Percent of People with Each Score
Percentile by Number Answered
Your Score History
You have not taken this quiz